| 000 | 00588nam2a2200205 4500 | ||
|---|---|---|---|
| 001 | RU\NLR\PER_A\011990985_000150 | ||
| 005 | 20250623220455.0 | ||
| 035 | _a(NLR Aleph) 012166455 | ||
| 090 |
_a12217875 _c12217875 |
||
| 100 | _a20191217d2019 |||y0rusy50 ca | ||
| 101 | 0 | _arus | |
| 102 | _aRU | ||
| 200 | 0 | _a2019, № 8 (8) | |
| 210 |
_d2019 _aБ. м. |
||
| 461 | 0 |
_1001RU\NLR\BIBL_A\011990985 _12001#$a17:40$v2019, № 8 (8) _911358260 _cРыбинск _d2019 - _n[б. и.] _t17:40 _v2019, № 8 (8) |
|
| 852 |
_aNLR _jП29/2134 |
||
| 942 | _cISSUE | ||
| 980 | _aNB | ||
| 980 | _aRUSPER | ||